书目信息 |
| 题名: |
模拟电子技术
|
|
| 作者: | 许开君 , 李忠波 主编 | |
| 分册: | ||
| 出版信息: | 北京 机械工业出版社 1994.06 |
|
| 页数: | 297页 | |
| 开本: | 26cm | |
| 丛书名: | ||
| 单 册: | ||
| 中图分类: | TN , TN01 | |
| 科图分类: | ||
| 主题词: | 无线电电子学--理论 , 通信技术--理论 | |
| 电子资源: | ||
| ISBN: | 7-111-04075-9 | |
| 000 | 00659nam0 2200229 45 | |
| 001 | 0329807332 | |
| 005 | 2003032908164729 | |
| 010 | @a7-111-04075-9@dRMB 24.00 | |
| 100 | @a20030329d1994 km y0chiy0120 ea | |
| 101 | 0 | @achi |
| 102 | @aCN@b110000 | |
| 200 | 1 | @a模拟电子技术@Amo ni dian zi ji shu@f许开君,李忠波主编@Fxu kai jun,li zhong bo zhu bian |
| 210 | @a北京@c机械工业出版社@d1994.06 | |
| 215 | @a297页@d26cm | |
| 606 | 0 | @a无线电电子学@x理论 |
| 606 | 0 | @a通信技术@x理论 |
| 690 | @aTN@v3 | |
| 690 | @aTN01@v4 | |
| 701 | 0 | @a许开君@Axu kai jun@4主编 |
| 701 | 0 | @a李忠波@Ali zhong bo@4主编 |
| 801 | 0 | @aCN@bPFT@c20030329 |
| 905 | @a10447@dTN01@eX870 | |
| 模拟电子技术/许开君,李忠波主编.-北京:机械工业出版社,1994.06 |
| 297页;26cm |
| ISBN 7-111-04075-9:RMB 24.00 |
| ● |
| 相关链接 |
|
|
|
正题名:模拟电子技术
索取号:TN01/X870
 
预约/预借
| 序号 | 登录号 | 条形码 | 馆藏地/架位号 | 状态 | 备注 |
| 1 | 367083 | 203670839 | 自科库301/301自科库 24排1列3层/ [索取号:TN01/X870] | 在馆 | |
| 2 | 367084 | 203670848 | 自科库301/301自科库 24排1列3层/ [索取号:TN01/X870] | 在馆 |